| 000 | 00874cam a2200265 a 4500 | ||
|---|---|---|---|
| 001 | 000011181 | ||
| 005 | 20200929162400.0 | ||
| 008 | 000920s1999 mx ab b 001 0 spa d | ||
| 020 | _a9686075798 | ||
| 035 | _a(OCoLC)ocm43603708 | ||
| 040 |
_aDO-SdBNP _cDVP _dPL# _dDLC |
||
| 042 | _alccopycat | ||
| 043 | _an-mx--- | ||
| 082 |
_a613.04244 _bG326f |
||
| 245 | 0 | 0 | _aGénero, familia y conceptualización de la salud reproductiva en México /. |
| 260 |
_aTijuana, B.C. : _bEl Colegio de la Frontera Norte, _c1999. |
||
| 300 |
_a453 p. : _bil., maps ; _c23 cm. |
||
| 504 | _aIncluye bibliografía e índice. | ||
| 650 | 4 |
_aMujeres _xSalud e higiene _zMexico _926712 |
|
| 650 | 4 |
_aMujeres _xCondiciones sociales _zMexico _926713 |
|
| 653 |
_aSALUD PUBLICA _aTIJUANA (MEXICO). |
||
| 700 | 1 |
_aOjeda, Norma. _926714 |
|
| 910 | _aCatalogación por copia / LC | ||
| 049 | _aBNGR | ||
| 999 |
_c10904 _d10904 |
||